Shear strength of partially and fully prestressed concrete beams /

Saved in:
Bibliographic Details
Main Author: Rangan, B. V. (Balamutha Vijaya)
Format: Book
Language:English
Published: Kensington, N.S.W : School of Civil Engineering, University of N.S.W, 1979.
Series:UNICIV report ; no.R-180
Subjects:
LEADER 01231cam a2200277 a 4500
001 c000298651
003 CARM
005 20090603182343.0
008 790706s1979 at b 000 0 eng d
019 1 |a 1660945  |5 LACONCORD2021 
020 |a 0858411458 :  |c unpriced 
035 |a (OCoLC)25320270  |5 LACONCORD2021 
082 0 4 |a 624.1834 
100 1 |a Rangan, B. V.  |q (Balamutha Vijaya). 
245 1 0 |a Shear strength of partially and fully prestressed concrete beams /  |c [by] B.V. Rangan. 
260 |a Kensington, N.S.W :  |b School of Civil Engineering, University of N.S.W,  |c 1979. 
300 |a 17 leaves :  |b graphs ;  |c 29cm. 
490 0 |a UNICIV report ;  |v no.R-180 
500 |a At head of cover title: Studies from the School of Civil Engineering. 
500 |a Structural components: Prestressed concrete beams. Shear stresses. Analysis. Research reports (ANB/PRECIS SIN 0318566). 
504 |a Bibliography: leaves 6-7. 
650 0 |a Prestressed concrete beams. 
650 0 |a Shear (Mechanics) 
852 8 |b CARM  |h A3:AF22C0  |i F06699  |p 0540805  |f BK 
999 f f |i 746ed120-4b40-5451-912c-fafa3c10265e  |s de513f69-2e78-5b6b-a09a-e0f9f2610489 
952 f f |p Can circulate  |a CAVAL  |b CAVAL  |c CAVAL  |d CARM 1 Store  |e F06699  |f A3:AF22C0  |h Other scheme  |i book  |m 0540805